000 00717nam a2200289Ia 4500
005 20260324123945.0
008 008 260324s9999 xx 000 0 eng d
020 _a9781315700649
037 _aEBOOK
040 _aCRL
040 _beng
040 _cCRL
041 _2eng
041 _aeng
084 _qCRL
100 _aSteven A. Riess
_9871436
245 0 _aSports in America from Colonial Times to the Twenty-First Century: An Encyclopedia
245 3 _bAn Encyclopedia
260 _bTaylor and Francis
260 _c2011
365 _a
365 _b540
856 _uhttp://www.taylorfrancis.com/books/9781315700649
942 _cEBOOK
999 _c1766267
_d1766267